000 00780nam a2200301Ia 4500
001 3413
005 20240113233628.0
007 ta
008 170811s2004 ii g b000 u 465 u
020 _a81-207-1937-9
040 _aCotton College Assam
041 _aeng
082 _a342.029
_bBh 469 Wo
100 _aBhagwan, Vishnoo .
245 0 _aWorld Constitutions /
_cVishnoo Bhagwan, Vidya Bhushan.
_hTextual Documents
250 _a3rd rev ed. /
260 _aNew Delhi :
_bSterling publishers ,
_c2004.
300 _a722p. ;
_c22 cm.
504 _aIndex
653 _aWorld Constitutions
653 _aMs-Economics
653 _aG-Economics
942 _2ddc
_cBK
999 _c3401
_d3401